Music Quiz

Random Music or Song Quiz

Click the Lyrics: Elton John's Your Song Quiz Stats

 Plays Quiz Updated Sep 8, 2014

Support Sporcle.
Go Orange.
Score 0/26 Timer 04:00
2 Plays Today
% Correct
where we both could live
93.6%
and this one's for you
93%
who can easily hide
91.7%
but it's the best I can do
91.3%
this is your song
91.3%
in a travelling show
90.2%
kicked off the moss
90.1%
but now that it's done
90%
while you're in the world
89.9%
this feeling inside
89.3%
while you're in the world
89.3%
but boy if I did
88.6%
that I put down in words
88.6%
% Correct
while you're in the world
88.1%
that I put down in words
88.1%
that I put down in words
88%
but then again, no
87.6%
this is your song
87.5%
eyes I've ever seen
87.1%
but now that it's done
86.5%
well, they've got me quite cross
85.9%
if they're green or they're blue
82%
that keep it turned on
79.3%
what I really mean
74.9%
while I wrote this song
68.7%
but these things I do
65.1%

From the Vault

15 Categories: Letter 'Y' Blitz

by Flick

Some of the questions might leave you asking Y.
Remove Ads.
Support Sporcle.
Get the best of Sporcle when you Go Orange. This ad-free experience offers more features, more stats, and more fun while also helping to support Sporcle. Thank you for becoming a member.

Show Comments

Extras

Top Quizzes Today


Score Distribution

Your Account Isn't Verified!

In order to create a playlist on Sporcle, you need to verify the email address you used during registration. Go to your Sporcle Settings to finish the process.

Report this User

Report this user for behavior that violates our Community Guidelines.

Details: